Historia y geografía: I y II año educación media

Uloženo v:
Podrobná bibliografie
Hlavní autoři: Cecchi Reyes, Orlando (Autor), Godoy Perrín, Pedro (Autor), Cembrano Perasso, Dina (Autor), Serrano Robert, Isabel (Autor)
Médium: Kniha
Jazyk:španělština
Vydáno: Santiago Arrayán 1996
Vydání:3a. ed
Témata:
Tagy: Přidat tag
Žádné tagy, Buďte první, kdo vytvoří štítek k tomuto záznamu!

MARC

LEADER 00000nam a2200000 a 4500
001 UCP4148
003 CL-VaPUC
008 990724e19960000CL |||||||||||||||||spa|d
082 0 4 |a 372.89  |b CEC  |2 21 
100 0 |a Cecchi Reyes, Orlando  |e author  |9 431573 
700 |a Godoy Perrín, Pedro  |e author  |9 431574 
700 0 |a Cembrano Perasso, Dina  |e author  |9 431575 
700 0 |a Serrano Robert, Isabel  |e author  |9 431576 
245 1 0 |a Historia y geografía: I y II año educación media 
250 |a 3a. ed 
300 |a v 
942 |c BK 
945 |d 19990724 00:00:00  |a rbrito 
260 |a Santiago  |b Arrayán  |c 1996 
650 0 |a Enseñanza de la historia   |9 307330 
650 0 |a Enseñanza de la geografía  |9 310005 
583 |a last modification  |c 20150505 04:00:56  |k Rodrigo Vera 
999 |c 282204  |d 282202 
952 |0 0  |1 0  |4 0  |6 372_890000000000000_CEC_1996  |7 0  |8 A  |9 323728  |a BIBHIS  |b BIBHIS  |d 2019-11-20  |h v.1  |i 3541975  |o 372.89 CEC 1996  |p 3541975  |r 2025-01-20  |w 2019-11-20  |y BK  |k HIS 
952 |0 0  |1 0  |4 0  |6 372_890000000000000_CEC_1996  |7 0  |8 A  |9 323729  |a BIBHIS  |b BIBHIS  |d 2019-11-20  |h v.2  |i 3541983  |o 372.89 CEC 1996  |p 3541983  |r 2025-01-20  |w 2019-11-20  |y BK  |k HIS